1410 1490 1669 1275 1027 1753 1340 1864 1162 1329 1299 1062 1023 1171 1632 1947 1840 1665 1993 1117 1773 1458 1965 1339 1346 1976 1761 1034 1643 1758 1486 1317 1141 1834 1922 1153 1823 1808 1934 1913 1815 1926 1927 1360 1166 1844 1822 1978 1142 1096 1764 1758 1862 1373 1712 1075 1174 1101 1962 1669 1579 1780 1673 1364 1570 1879 1711 1920 1201 1368 1579 1440 1445 1854 1003 1535 1034 1983 1072 1522 1808 1976 1036 1090 1188 1151 1902 1520 1133 1754 1896 1718 1605 1638 1048 1320 1559 1374 1191 BCNSPRNW ULIB Ver.6.0+V

เปลี่ยนเป็นภาษาไทย

Change to English
 แสดงรายละเอียดบรรณานุกรม
  กลับหน้าหลัก

Brief Record : Get Marc (ISO 2709) : E-mail record : QR code < ปิดหน้าต่าง
LEADER : 00000nam 2200000uu 4500
001    13399112011
003     ULIB
008    110721s2554||||th 000 0 tha d
020    9786167495057
060  4 WY152^bผ225พ 2554
100 0  ผ่องพรรณ อรุณแสง
245 10 การพยาบาลปัญหาสำคัญของผู้สูงอายุ :^bการนำใช้ /^cผ่องพรรณอรุณแสง
250    พิมพ์ครั้งที่ 1
260    ขอนแก่น :^bโรงพิมพ์คลังนานาวิทยา,^c2554
300    ก-ฒ, 290 หน้า
500    ^"ผู้จัดทำสังกัดคณะพยาบาลศาสตร์ มหาวิทยาลัยขอนแก่น^"
650  7 การพยาบาลผู้สูงอายุ
650  7 ผู้สูงอายุ^xการดูแล
650  7 วัยชรา^xการดูแล
945    ^p300^l0^i030357
945    ^p300^l0^i030358
945    ^p300^l0^i030359
945    ^p300^l0^i030360
945    ^p300^l0^i030361
945    ^p300^l0^i030362
945    ^p300^l0^i030363
995    เกษร
999    ^aวรรณษา ชูชัยมงคล
รายการนี้ยังไม่มีแท็ก
คุณยังไม่ได้ล็อกอิน คุณสามารถมีกิจกรรมร่วมกับเว็บไซต์ได้ แต่ต้องล็อกอินก่อน ::
  ล็อกอิน

รายการสื่อสารสนเทศ

ลำดับที่ ประเภท เลขเรียก/บาร์โค้ด สถานที่ สถานะ
1. วิทยาศาสตร์การแพทย์ และสุขภาพ
หนังสือสำรอง
สถานะ=หนังสือสำรอง
WY152 ผ225พ 2554 ฉ.1 
  Barcode: 030357
ห้องสมุดวิทยาเขตสวรรค์ประชารักษ์
►ส่วนจัดเก็บหนังสือเก่า สปร
บนชั้น
  ขอยืม
2. วิทยาศาสตร์การแพทย์ และสุขภาพ
วิทยาศาสตร์การแพทย์ และสุขภาพ
WY152 ผ225พ 2554 ฉ.3 
  Barcode: 030359
ห้องสมุดวิทยาเขตสวรรค์ประชารักษ์
►ส่วนจัดเก็บหนังสือเก่า สปร
บนชั้น
  ขอยืม
3. วิทยาศาสตร์การแพทย์ และสุขภาพ
วิทยาศาสตร์การแพทย์ และสุขภาพ
WY152 ผ225พ 2554 ฉ.4 
  Barcode: 030360
ห้องสมุดวิทยาเขตสวรรค์ประชารักษ์
►ส่วนจัดเก็บหนังสือเก่า สปร
บนชั้น
  ขอยืม
4. วิทยาศาสตร์การแพทย์ และสุขภาพ
วิทยาศาสตร์การแพทย์ และสุขภาพ
WY152 ผ225พ 2554 ฉ.5 
  Barcode: 030361
ห้องสมุดวิทยาเขตสวรรค์ประชารักษ์
►ส่วนจัดเก็บหนังสือเก่า สปร
บนชั้น
  ขอยืม
5. วิทยาศาสตร์การแพทย์ และสุขภาพ
วิทยาศาสตร์การแพทย์ และสุขภาพ
WY152 ผ225พ 2554 ฉ.6 
  Barcode: 030362
ห้องสมุดวิทยาเขตสวรรค์ประชารักษ์
►ส่วนจัดเก็บหนังสือเก่า สปร
บนชั้น
  ขอยืม

รายการใกล้เคียง
    ผู้แต่ง [ผ่องพรรณ อรุณแสง]

    หัวเรื่อง [การพยาบาลผู้สูงอายุ]
    หัวเรื่อง [ผู้สูงอายุ การดูแล]

BibComment


ยังไม่เคยถูกคอมเมนท์

คอมเมนท์ทรัพยากรรายการนี้
  คอมเมนท์: การพยาบาลปัญหาสำค..


 Copyright 2026. Bcnsprnw @Library